MARC

LEADER 00000nam0a2200000 4500
001 290981
005 20231102000336.0
020 |a RU  |b 83-75209 
035 |a (RuTPU)RU\TPU\book\315541 
090 |a 290981 
100 |a 20150410d1983 k y0rusy5003 ca 
101 0 |a rus 
102 |a UZ 
105 |a a z 001zy 
200 1 |a Геохимия пород интрузивного магматизма (Кураминский хребет, Тянь-Шань)  |e [монография]  |f Р. Г. Юсупов 
210 |a Ташкент  |c Фан  |d 1983 
215 |a 144 с.  |c ил. 
320 |a Библиогр.: с. 137-143 
606 1 |a Горные породы, интрузивные  |2 stltpush  |3 (RuTPU)RU\TPU\subj\8116  |9 35602 
610 1 |a Тянь-Шань 
610 1 |a геохимия 
610 1 |a интрузивный магматизм 
610 1 |a акцессорные минералы 
610 1 |a интрузивные формации 
610 1 |a Кураминские горы 
610 1 |a монографии 
675 |a 552.311  |z rus  |v 4 
700 1 |a Юсупов  |b Р. Г.  |g Рустам Гумирович  |4 070 
801 0 |a RU  |b RuMRKP  |c 19950704  |g psbo 
801 1 |a RU  |b 63413507  |c 20150410 
801 2 |a RU  |b 63413507  |c 20181122  |g RCR 
942 |c BK